000 00329nam a2200145Ia 4500
005 20251222144654.0
008 251222s9999||||xx |||||||||||||| ||spa||
020 _a9972-223-01-9
082 _a226/A69
100 _aArens, Eduardo
245 0 _aLos Evangelios Ayer y Hoy:
250 _a3a.ed.
264 _bCEP
942 _cLIB
999 _c17199
_d17199